Statistiken für Beliebteste weibliche Vornamen der 1950er Jahre

Klicken Sie hier um das Quiz zu spielen!

Allgemein

  • Dieses Quiz wurde 1.726 mal gespielt
  • Das Durchschnittsergebnis liegt bei 40 aus 100

Antwortstatistiken

Antwort% Korrekt
Maria
85%
Anna
83%
Anne
81%
Elisabeth
66%
Karen
63%
Karin
63%
Petra
63%
Sabine
62%
Susanne
61%
Brigitte
60%
Katharina
60%
Ursula
60%
Monika
59%
Barbara
57%
Christine
55%
Inge
55%
Andrea
54%
Birgit
54%
Katrin
54%
Renate
54%
Ulrike
54%
Christina
53%
Doris
52%
Hannelore
52%
Helga
52%
Hildegard
52%
Claudia
51%
Eva
49%
Ingrid
49%
Marianne
49%
Erika
48%
Christa
47%
Gisela
47%
Martina
47%
Angela
46%
Angelika
46%
Ute
46%
Kerstin
44%
Beate
43%
Jutta
43%
Olga
43%
Rita
43%
Waltraut
43%
Heike
42%
Sonja
42%
Christiane
41%
Elke
41%
Gabriele
41%
Margarethe
41%
Gudrun
39%
Dorothea
38%
Heidi
38%
Veronica
38%
Ruth
37%
Silvia
37%
Bärbel
36%
Bettina
36%
Anette
35%
Marion
35%
Silke
35%
Ingeborg
34%
Cornelia
33%
Dagmar
33%
Manuela
33%
Irmgard
32%
Vera
32%
Anke
31%
Rosemarie
31%
Christel
30%
Edith
30%
Iris
30%
Regina
30%
Roswitha
30%
Uta
30%
Annegret
29%
Sibylle
29%
Astrid
28%
Heidrun
28%
Maren
28%
Sigrid
28%
Anita
27%
Frauke
27%
Irene
26%
Kirsten
26%
Carola
25%
Gabriela
22%
Margit
22%
Marlies
22%
Antje
21%
Carmen
21%
Marina
19%
Heidemarie
17%
Ilona
17%
Lydia
17%
Evelin
16%
Margret
16%
Marita
16%
Regine
15%
Margrit
11%
Valentina
11%

Verteilung der Resultate

Perzentil nach korrekt beantworteten Fragen

Anzahl Personen mit jedem Resultat

Ihre Resultats-Entwicklung

Sie haben dieses Quiz noch nicht gespielt